000 00654nam a2200205 4500
008 s2004 fr fre u
040 _aLB-BrCRDP
082 1 _aG. CE1/ C2
_bBla
100 1 _aJ.P., Blanc
245 1 0 _aPour comprendre les mathématiques
_bGuide pédagogique
_cJ.P. Blanc
260 _aParis
_bHachette éducation
_c2004
490 0 _aPour comprendre les mathématiques
650 4 _aLa gestion du temps
650 4 _aGéométrie
650 4 _aRésolution de problèmes
650 4 _ala pratique des jeux mathématiques
650 4 _ala numération et calcul
942 _cBK
999 _c7853
_d7853